| 000 | 00687nam a2200241 i 4500 | ||
|---|---|---|---|
| 001 | bgj | ||
| 100 | 1 | _aKRISTEVA, Julia. | |
| 245 | 1 | 0 |
_aDie Revolution der poetischen Sprache / _caus dem Französischen übersetzt und mit einer Einleitung versehen von Reinold Werner. |
| 260 |
_aFrankfurt am Main : _bSuhrkamp Verlag, _c1978. |
||
| 300 |
_a252, [1] s. ; _c18 cm. |
||
| 490 | 1 |
_aEdition Suhrkamp _v949 |
|
| 650 | 9 | _aLiteratura | |
| 700 | 1 | _aWERNER, Reinold. | |
| 830 | _aEdition Suhrkamp | ||
| 020 | _a3518109499 | ||
| 040 | _cBPK | ||
| 041 | 0 | _ager | |
| 044 | _aDEU | ||
| 080 | _a82 | ||
| 920 | _a3-518-10949-9 | ||
| 942 | _cKS | ||
| 008 | s gw f |000 0 ger | ||
| 999 |
_c50229 _d50229 |
||
| 856 |
_uhttp://koha.tu.koszalin.pl/cgi-bin/koha/opac-detail.pl?biblionumber=50229 _yKatalog online BPK |
||